000
00327nam a2200133Ia 4500
008
150201s2009 xx 000 0 und d
082
_a
611
_b
H09S
100
_a
SINGH,INDERBIR
245
_a
TB OF HUMAN NEUROANATOMY
250
_a
8TH
260
_b
JAYPEE BROTHERS
_a
DELHI
_c
2009
650
_a
HUMAN ANATOMY
942
_2
ddc
_c
BK
_0
25
999
_c
1024
_d
1024